حكايات الأطفال الممتعة / (رقم التسجيلة. 247441)

تفاصيل مارك
000 -الفاتح
عناصر البيانات ثابتة الطول 01091nam a22002417i 4500
005 - تاريخ ووقت آخر معاملة
حقل ضبط 20251230082306.0
008 - عناصر البيانات ثابتة الطول
عناصر البيانات ثابتة الطول 250906s2025 jo ||||cr|||| 00| j ara d
020 ## - الترقيم الدولي المعياري للكتب (ردمك)
الترقيم الدولي المعياري للكتب (ردمك) 9789957363192
040 ## - مصدر الفهرسة
هيئة الفهرسة الأصلية JO-AmGAM
قواعد الوصف rda
082 14 - رقم تصنيف ديوي العشري
رقم التصنيف 415
رقم المادة ع ب د
100 1# - مدخل رئيسي – اسم شخصي
الاسم الشخصي عبد الفتاح، المثنى
علاقة الشخص بالعمل/ دوره مؤلف.
245 10 - بيان العنوان
العنوان حكايات الأطفال الممتعة /
بيان المسؤولية تأليف الدكتور المثنى عبد الفتاح.
264 31 - بيانات النشر، التوزيع…إلخ
مكان النشر، التوزيع...إلخ عمان :
اسم الناشر، الموزع...إلخ دار الأسرة للنشر والتوزيع،
تاريخ النشر، التوزيع...إلخ 2024.
300 ## - الوصف المادي
عدد الوحدات المكونة للوعاء 78 صفحة.
336 ## - نوع المحتوى
المصدر rdacontent
مصطلح نوع المحتوى نص
كود نوع المحتوى txt
337 ## - نوع الوسيط
المصدر rdamedia
مصطلح نوع الوسيط دون وسيط عرض
كود نوع الوسيط n
338 ## - نوع الحامل
المصدر rdacarrier
مصطلح نوع الحامل مجلد
كود نوع الحامل nc
500 ## - ملاحظات عامة
ملاحظات عامة الأغنياء الثلاثة / الفاعل - - ثمن الدواء / الأسماء الموصولة - - رائحة الجبن / أسماء الإشارة - - الحذاء الحافي / ضمائر الرفع المنفصلة - - خطبة حيران / المفعول به.
650 17 - مدخل إضافي بالموضوع - مصطلح موضوعي
مصطلح موضوعي أو اسم جغرافي كعنصر مدخل قواعد اللغة.
650 17 - مدخل إضافي بالموضوع - مصطلح موضوعي
مصطلح موضوعي أو اسم جغرافي كعنصر مدخل قصص الأطفال.
942 ## - بيانات إضافية (كوها)
نوع التنصيف Dewey Decimal Classification
نوع المادة (كوها) كتب
المقتنيات
حالة السحب حالة الفقدان مصدر التصنيف حالة التلف غير قابل للإعارة المكتبة الرئيسية المكتبة الحالية موقع الرف تاريخ التزويد مصدر التزويد العملة التكلفة، سعر الشراء العادي الرقم المتسلسل Total Checkouts رقم الإستدعاء الباركود تاريخ آخر ظهور التكلفة وسعر الاستبدال تاريخ الفاتورة نوع المادة (كوها)
    Dewey Decimal Classification     المكتبة المركزية المكتبة المركزية الأطفال 14/12/2025 54 JOD 1.50 1799073   ط / 415 / ع ب د PLD00928729 14/12/2025 3.00 14/12/2025 كتب
    Dewey Decimal Classification     مكتبة أم المؤمنين للأطفال مكتبة أم المؤمنين للأطفال الأطفال 14/12/2025 54 JOD 1.50 1799074   ط / 415 / ع ب د PLD00928730 14/12/2025 3.00 14/12/2025 كتب
Implemented & Customized by: BBB with SCIT (Smart Chains for Information Technology)

Powered by Koha